[Event "FRA-chT Top 12 2019"]
[Site "Brest"]
[Date "2019.05.28"]
[Round "11.1"]
[White "Amin, Bassem"]
[Black "Velten, Paul"]
[Result "1-0"]
[WhiteElo "2704"]
[BlackElo "2507"]
[Annotator "TA"]
[PlyCount "103"]
[EventDate "2019.05.18"]
[EventType "team-tourn"]
[EventCountry "FRA"]
[SourceTitle "playchess.com"]
[Source "ChessBase"]
[SourceQuality "1"]

{[%evp 9,103,19,2,0,47,12,18,15,29,7,12,18,0,10,28,22,21,20,25,11,23,13,23,21,16,22,63,72,175,177,170,172,260,189,196,195,195,193,200,187,221,222,229,223,277,278,272,220,261,244,246,239,239,239,241,225,237,222,227,227,251,251,251,251,251,251,311,311,311,266,529,529,529,529,529,520,529,510,496,489,356,214,29965,29964,29967,29967,29967,29968,29963,29961,29957,29958,29958,29956,12763,5616]} 1. Nf3 Nf6 2. g3 d5 3. Bg2 Nbd7 4. d4 b5 5. O-O (5. a4 b4 6. c4 bxc3 7. Nxc3 e6 8. O-O Bb7 9. Bf4 a6 10. Rc1 Be7 11. b4 Bxb4 {1-0 (32) Mikhalevski,V (2579)-Riazantsev,A (2649) St Petersburg 2018}) 5... Bb7 6. a4 {D02: 1 d4 d5 2 Nf3 sidelines, including 2...Nf6 3 g3 and 2...Nf6 3 Bf4} a6 $146 ({Predecessor:} 6... b4 7. c4 bxc3 8. Nxc3 e6 9. Bf4 c6 10. a5 Ba6 11. Re1 {1-0 (27) Bivol,A (2393)-Semenova,E (2260) St Petersburg 2018}) 7. Nbd2 {[%cal Bb1d2,Bd2b3,Bb3a5][%mdl 32]} e6 8. Nb3 {The position is equal.} c5 9. Bd2 Be7 10. dxc5 Nxc5 11. Na5 {And now b4 would win.} Qb6 12. axb5 axb5 13. b4 $36 {[%mdl 2048] White has some pressure.} Nce4 14. Be3 Qc7 15. Nd4 O-O 16. Nxb5 Qd7 17. c4 {Black should prevent f3.} Ba6 18. Na7 {aiming for b5.} Rxa7 (18... Nc3 $16 19. Qc2 Bxb4) 19. Bxa7 $18 Bxb4 20. Bd4 Qc7 (20... Bxa5 $142 21. Rxa5 Bxc4) 21. Qa4 Nc3 {[#]} 22. Bxc3 $1 (22. Qxb4 Nxe2+ 23. Kh1 Nxd4 $16) 22... Bxc3 {[#]} 23. Ra2 $1 Bxa5 24. cxd5 ({Don't play} 24. Qxa5 $6 Qxa5 25. Rxa5 Bxc4 $16) 24... Bxe2 25. Rxe2 exd5 26. Rc2 Qd8 27. Rfc1 Bb6 28. Qb4 {Hoping for Rc8!} Ba5 29. Qb5 Qb6 30. Rc5 Qxb5 31. Rxb5 Bd8 32. Rc8 Be7 33. Rxf8+ Bxf8 34. Bxd5 Nxd5 35. Rxd5 {[%mdl 4096] Endgame KR-KB} g6 36. g4 Kg7 37. Kg2 h6 38. Kf3 Be7 39. Ke4 Bh4 $2 (39... Kf6 40. h4 Bf8) 40. f3 Bf2 41. Rd6 Bg1 42. h3 Bh2 43. Ra6 Bg3 44. Kd5 Bf4 45. Kc6 f5 $2 (45... h5 $18 46. gxh5 gxh5) 46. gxf5 gxf5 47. Kd5 Bg3 48. Ke6 Kg6 49. Ra5 f4 50. Rf5 h5 51. Ke5 h4 52. Ke4 {Accuracy: White = 80%, Black = 37%.} (52. Rf6+ $142 Kg5 53. Rf5+ Kh6 54. Ke4) 1-0

[Event "FRA-chT Top 12 2019"]
[Site "Brest"]
[Date "2019.05.28"]
[Round "11.1"]
[White "Movsesian, Sergei"]
[Black "Donchenko, Alexander"]
[Result "1/2-1/2"]
[WhiteElo "2645"]
[BlackElo "2595"]
[Annotator "TA"]
[PlyCount "25"]
[EventDate "2019.05.18"]
[EventType "team-tourn"]
[EventCountry "FRA"]
[SourceTitle "playchess.com"]
[Source "ChessBase"]
[SourceQuality "1"]

{[%evp 12,25,10,12,21,21,18,-6,0,-2,0,0,-10,-23,-14,-22]} 1. e4 c5 2. Nf3 d6 ({Predecessor:} 2... e6 3. Nc3 d6 4. Bb5+ Nd7 5. O-O a6 6. Bxd7+ Bxd7 7. d4 cxd4 {½-½ (41) Kalmukova,K (2060)-Chilingirova,P (2265) Bulgaria 1989}) 3. Bb5+ Nd7 4. d4 cxd4 5. Qxd4 a6 6. Bxd7+ Bxd7 7. Nc3 e6 $146 {B51: Sicilian: Moscow Variation (3 Bb5+) without 3...Bd7} (7... e5 8. Qd3 Rc8 9. O-O h6 10. Nd2 Be6 11. Rd1 Nf6 12. Nf1 Bc4 13. Qf3 Bxf1 14. Kxf1 Be7 15. Qd3 Rc6 {½-½ (30) Ni,H (2674)-Fedoseev,V (2702) China 2019}) 8. O-O Nf6 9. e5 dxe5 10. Nxe5 Bb5 11. Nxb5 axb5 12. Qxd8+ Rxd8 13. a3 1/2-1/2

[Event "FRA-chT Top 12 2019"]
[Site "Brest"]
[Date "2019.05.28"]
[Round "11.1"]
[White "Nihal Sarin"]
[Black "Rodshtein, Maxim"]
[Result "1/2-1/2"]
[WhiteElo "2598"]
[BlackElo "2699"]
[Annotator "TA"]
[PlyCount "57"]
[EventDate "2019.05.18"]
[EventType "team-tourn"]
[EventCountry "FRA"]
[SourceTitle "playchess.com"]
[Source "ChessBase"]
[SourceQuality "1"]

{[%evp 16,57,7,8,0,-14,0,10,0,9,66,70,60,73,54,20,21,12,42,38,41,25,56,55,41,56,95,82,169,187,188,176,168,0,11,10,17,14,75,85,70,81,83,45]} 1. Nf3 c5 2. c4 Nc6 3. d4 cxd4 4. Nxd4 Nf6 5. Nc3 e6 6. g3 Qb6 7. Ndb5 Ne5 8. Bg2 a6 9. Qa4 {Black must now prevent Be3.} Rb8 {A33: Symmetrical English: 2 Nf3 Nf6 3 d4 cxd4 4 Nxd4 e6 5 Nc3 Nc6} 10. Na3 (10. Be3 Bc5 11. Bxc5 Qxc5 12. Qa3 b6 13. Nd6+ Ke7 14. Qxc5 bxc5 15. Nxc8+ Rhxc8 16. b3 d5 17. cxd5 {1-0 (47) Ivanchuk,V (2708)-Saric,I (2685) Mali Losinj 2018}) 10... Bc5 11. O-O O-O {The position is equal.} 12. Rb1 d6 $146 ({Better is} 12... Neg4 $11 13. Nd1 Be7) ({Predecessor:} 12... Be7 13. Bf4 d6 14. b4 Bd7 15. Qb3 Qc7 16. c5 b5 17. Bxe5 dxe5 {1-0 (60) Yermolinsky,A (2528)-Kudrin,S (2571) Saint Louis 2010}) 13. b4 $1 $14 {[%cal Rb4c5]} Bd4 14. Qb3 Bd7 15. e3 Bxc3 $1 16. Qxc3 Rfc8 {[#]} 17. c5 $1 {[%mdl 512]} Qc7 (17... dxc5 18. Qxe5) 18. Bb2 $36 {[%mdl 2048] Hoping for Qd4. White is more active.} b6 {[%cal Rb6c5]} 19. Rfc1 $1 bxc5 20. bxc5 Nd5 21. Qd4 Rxb2 (21... f6 $16) 22. Rxb2 $18 {Strongly threatening Rbc2.} dxc5 23. Qd2 c4 {[#]} 24. Rbc2 $2 ({Worse is} 24. Bxd5 exd5 25. Qxd5 Bc6 $17) (24. Qd4 $1 $18) 24... Ba4 (24... c3 {feels hotter.} 25. Qd4 Nc6 26. Qc4 Ncb4 27. Bxd5 Nxc2 28. Qxc7 Rxc7 29. Rxc2 exd5 30. Nb1 Bf5) 25. Rxc4 Nxc4 26. Rxc4 Qd7 {[#]} (26... Bc6 $11 {remains equal.}) 27. Rd4 $1 $16 {And now e4 would win.} Qe8 28. Nc4 Rb8 29. Be4 {Accuracy: White = 77%, Black = 31%.} 1/2-1/2

[Event "FRA-chT Top 12 2019"]
[Site "Brest"]
[Date "2019.05.28"]
[Round "11.1"]
[White "Karthikeyan, Murali"]
[Black "Cornette, Deimante"]
[Result "1-0"]
[WhiteElo "2596"]
[BlackElo "2433"]
[Annotator "TA"]
[PlyCount "95"]
[EventDate "2019.05.18"]
[EventType "team-tourn"]
[EventCountry "FRA"]
[SourceTitle "playchess.com"]
[Source "ChessBase"]
[SourceQuality "1"]

{[%evp 12,95,24,10,47,36,44,23,21,39,37,31,23,31,33,42,50,38,71,68,68,68,105,112,102,97,147,118,108,107,116,112,120,117,120,107,136,136,129,138,133,132,129,133,139,127,128,132,183,184,222,233,257,253,257,259,250,240,268,261,261,249,398,401,897,900,818,854,804,806,759,741,872,866,794,809,948,1025,6307,891,5006,3220,1621,2754,1672,1238]} 1. Nf3 d5 2. g3 g6 3. Bg2 Bg7 4. d4 c6 5. O-O Nf6 6. Nbd2 O-O 7. c4 b5 {D78: Fianchetto Grünfeld: 6 0-0 c6} (7... a5 8. b3 Ne4 9. Bb2 Bf5 10. Nh4 Nxd2 11. Qxd2 Be6 12. f4 Nd7 13. f5 gxf5 14. Nxf5 Bxf5 15. Rxf5 e6 16. Rff1 f5 17. cxd5 cxd5 18. Rac1 Nf6 19. Bf3 a4 {0-1 (39) Wang,H (2730)-Dubov,D (2703) St Petersburg 2018}) 8. cxb5 cxb5 9. Ne5 Bb7 {White has an edge.} 10. Nb3 Nbd7 11. Bf4 $146 ({Predecessor:} 11. Nd3 a5 12. Nbc5 Bc6 13. Bf4 Nxc5 14. Nxc5 Qb6 15. Rc1 {1-0 (44) Ezat,A (2250)-Abdel Razik,A (2082) Mahalla 2011}) 11... Qb6 12. Rc1 Rfc8 13. Qd3 Nxe5 14. Bxe5 Nd7 15. Bxg7 Kxg7 16. Nc5 Nf6 17. Qe3 Re8 18. Qe5 Bc6 19. b4 Kg8 20. Rc3 Rad8 {[%cal Ba8d8,Bd8d6,Bd6e6,Be6e2][%mdl 32]} 21. Rfc1 Rd6 22. Ra3 Bb7 23. Bh3 Bc8 24. Bxc8 Rxc8 25. Qxe7 Re6 26. Qxa7 Qxa7 27. Rxa7 {Rc2 is the strong threat.} Rxe2 {[#]} 28. Rc3 $1 Ng4 29. Rf3 f5 (29... Nh6 $16) 30. h3 $18 Nh6 31. Re3 Rxe3 32. fxe3 {[%mdl 4096] Endgame KRN-KRN} Nf7 33. Kf2 Nd6 34. Kf3 Nc4 35. Nd7 {Black must now prevent Nf6+.} Rc6 36. Kf4 Re6 (36... h6 {was worth a try.} 37. a3 Rd6) 37. Kg5 Rxe3 (37... Kf7 $142 38. Nf6+ Re7 39. Rxe7+ Kxe7 40. Nxd5+ (40. Nxh7 Kf7 $18) 40... Ke6) 38. Nf6+ {White is clearly winning.} Kf8 39. Nxh7+ Ke8 40. Nf6+ Kf8 41. g4 Nd6 42. Kxg6 f4 43. Ra8+ Ne8 44. Nxd5 {[%mdl 64] [#] Double Attack} Re4 45. Kf5 Rxd4 46. Nf6 {White threatens g5 and mate.} f3 47. Rxe8+ Kf7 48. Re1 {Accuracy: White = 78%, Black = 46%.} 1-0

[Event "FRA-chT Top 12 2019"]
[Site "Brest"]
[Date "2019.05.28"]
[Round "11.1"]
[White "Oleksiyenko, Mykhaylo"]
[Black "Safarli, Eltaj"]
[Result "1-0"]
[WhiteElo "2595"]
[BlackElo "2624"]
[Annotator "RC"]
[PlyCount "79"]
[EventDate "2019.05.18"]
[EventType "team-tourn"]
[EventCountry "FRA"]
[SourceTitle "playchess.com"]
[Source "ChessBase"]
[SourceQuality "1"]
[TimeControl "40/5400+30:1800+30"]

1. e4 {[%emt 0:00:00]} e5 {[%emt 0:00:00]} 2. Nf3 {[%emt 0:00:00]} Nc6 {[%emt 0:00:00]} 3. Bc4 {[%emt 0:00:34]} Nf6 {[%emt 0:00:15]} 4. d3 {[%emt 0:00:34]} Bc5 {[%emt 0:00:05]} 5. O-O {[%emt 0:00:42]} d6 {[%emt 0:00:43]} 6. c3 {[%emt 0:00:42]} h6 {[%emt 0:00:44]} 7. Re1 {[%emt 0:00:39]} O-O {[%emt 0:00:28]} 8. Nbd2 {[%emt 0:01:49]} a6 {[%emt 0:02:13]} 9. Bb3 {[%emt 0:01:57]} Re8 {[%emt 0:03:23]} 10. Nf1 {[%emt 0:01:02]} Ba7 {[%emt 0:01:58]} 11. Ng3 {[%emt 0:00:28]} Be6 {[%emt 0:04:57]} 12. Bc2 {[%emt 0:06:46]} d5 {[%emt 0:02:04]} 13. exd5 {[%emt 0:00:25]} Bxd5 {[%emt 0:00:49]} 14. h3 {[%emt 0:01:40]} Qd7 {[%emt 0:04:30]} 15. b4 {[%emt 0:14:03]} Rad8 {[%emt 0:06:51]} 16. a4 {[%emt 0:08:24]} b5 {[%emt 0:03:23]} 17. Nh4 {[%emt 0:03:16]} Be6 {[%emt 0:05:32]} 18. Qf3 {[%emt 0:08:46]} Bd5 {[%emt 0:07:10]} 19. Ne4 {[%emt 0:03:46]} Nxe4 {[%emt 0:01:28]} 20. dxe4 {[%emt 0:00:03]} Bc4 {[%emt 0:00:05]} 21. axb5 {[%emt 0:04:22]} axb5 {[%emt 0:00:13]} 22. Nf5 {[%emt 0:01:02]} Re6 {[%emt 0:00:23]} 23. Rd1 {[%emt 0:06:43]} Qe8 {[%emt 0:01:52]} 24. Be3 {[%emt 0:02:28]} Bxe3 {[%emt 0:02:40]} 25. Nxe3 {[%emt 0:05:51]} Rf6 {[%emt 0:00:53]} 26. Qh5 {[%emt 0:03:10]} Rxd1+ {[%emt 0:08:11]} 27. Rxd1 {[%emt 0:00:53]} Qa8 {[%emt 0:30:03]} 28. Nd5 {[%emt 0:12:58]} Rg6 {[%emt 0:00:31]} 29. Bd3 {[%emt 0:01:45]} Bb3 {[%emt 0:04:53]} 30. Rf1 {[%emt 0:01:52]} Qa2 {[%emt 0:01:33]} 31. Qf3 {[%emt 0:02:41]} Rd6 {[%emt 0:03:59]} 32. Nxc7 {[%emt 0:04:25]} Ne7 {[%emt 0:01:46]} 33. Nxb5 {[%emt 0:00:46]} Rd8 {[%emt 0:00:01]} 34. Qe2 {[%emt 0:01:05]} Qa4 {[%emt 0:01:51]} 35. Bc4 {[%emt 0:00:38]} Ng6 {[%emt 0:00:57]} 36. Bxb3 {[%emt 0:00:34]} Qxb3 {[%emt 0:00:02]} 37. g3 {[%emt 0:00:11]} h5 {[%emt 0:01:22]} 38. h4 {[%emt 0:00:24]} Rb8 {[%emt 0:00:34]} 39. Ra1 {[%emt 0:01:21]} Rd8 {[%emt 0:00:36]} 40. Qa2 {[%emt 0:00:35]} 1-0

[Event "FRA-chT Top 12 2019"]
[Site "Brest"]
[Date "2019.05.28"]
[Round "11.1"]
[White "Stevic, Hrvoje"]
[Black "Fedorov, Alexei"]
[Result "1/2-1/2"]
[WhiteElo "2580"]
[BlackElo "2566"]
[Annotator "TA"]
[PlyCount "48"]
[EventDate "2019.05.18"]
[EventType "team-tourn"]
[EventCountry "FRA"]
[SourceTitle "playchess.com"]
[Source "ChessBase"]
[SourceQuality "1"]

{[%evp 17,48,6,15,14,4,0,0,5,8,0,31,24,91,40,75,33,27,9,19,20,58,48,69,0,4,11,10,0,0,0,14,10,13]} 1. e4 c5 2. c3 Nf6 3. e5 Nd5 4. Nf3 e6 5. Bc4 d6 6. d4 cxd4 7. cxd4 Be7 8. O-O O-O 9. Re1 Nc6 10. exd6 {B22: Sicilian: 2 c3} Qxd6 11. Nc3 Rd8 12. Bb3 (12. a3 a6 13. Be3 Nxe3 14. fxe3 b6 15. Rc1 Bb7 16. Ba2 Rac8 17. Ne4 Qd7 18. Nfg5 Bxg5 19. Nxg5 {½-½ (34) Jones,G (2640)-Svidler,P (2768) Wijk aan Zee 2018}) 12... a6 13. g3 Nxc3 14. bxc3 Bd7 $146 (14... b5 $11 {keeps the balance.}) ({Predecessor:} 14... b5 15. Ng5 h6 16. Nxf7 Kxf7 17. Qh5+ Kg8 18. Bxh6 {½-½ (55) Hendriks,W (2435)-Lemmers,O (2372) Germany 2012}) 15. Qd3 ({White should play} 15. Bf4 $16 Qa3 16. Ng5) 15... Rac8 16. Ng5 (16. a4 $5 {[%cal Rc1f4]}) 16... Bxg5 $1 17. Bxg5 $40 {[%mdl 128] Black needs to defend precisely.} Re8 18. Bc2 f5 19. Bf4 e5 20. Qc4+ (20. dxe5 $14 Qxd3 21. Bxd3) 20... Be6 {The position is equal.} 21. dxe5 Qa3 22. Qd3 Na5 23. c4 Qxd3 24. Bxd3 Nxc4 {Accuracy: White = 70%, Black = 52%.} 1/2-1/2

[Event "FRA-chT Top 12 2019"]
[Site "Brest"]
[Date "2019.05.28"]
[Round "11.2"]
[White "Malakhov, Vladimir"]
[Black "Loiseau, Quentin"]
[Result "1/2-1/2"]
[WhiteElo "2660"]
[BlackElo "2471"]
[Annotator "TA"]
[PlyCount "97"]
[EventDate "2019.05.18"]
[EventType "team-tourn"]
[EventCountry "FRA"]
[SourceTitle "playchess.com"]
[Source "ChessBase"]
[SourceQuality "1"]

{[%evp 14,97,11,-1,-2,-12,23,23,23,20,29,20,14,0,0,0,0,0,0,9,39,33,43,37,74,74,106,87,104,30,100,77,113,35,45,35,33,20,19,5,5,0,0,-24,0,0,0,-10,-25,-31,0,-20,0,0,0,0,0,0,0,0,0,0,0,0,0,0,0,0,140,39,41,0,137,29,8,19,25,0,0,0,0,0,0,0,0,0]} 1. Nf3 d5 2. e3 Nf6 3. c4 e6 4. Nc3 c6 5. b3 Bd6 6. Bb2 O-O 7. d4 Nbd7 8. Bd3 Re8 {D46: Semi-Slav: 5 e3 Nbd7 6 Bd3, Black avoids the Meran} (8... e5 9. cxd5 cxd5 10. dxe5 Nxe5 11. h3 Qe7 12. O-O Nxf3+ 13. Qxf3 Qe5 14. Rfd1 Be6 15. Rab1 Rac8 16. Nb5 Qh2+ 17. Kf1 Be5 {1-0 (29) Khismatullin,D (2632)-Saric,I (2669) Riadh 2017}) 9. h3 a6 10. O-O b5 {White has an edge.} 11. c5 $146 ({Predecessor:} 11. a3 bxc4 12. bxc4 dxc4 13. Bxc4 c5 14. e4 cxd4 15. Qxd4 Bc5 16. Qd3 Qc7 17. e5 {½-½ (54) Rodriguez Rueda,P (2326)-Arribas Robaina,M (2315) Baku 2016}) 11... Bc7 12. Qc2 e5 13. dxe5 Nxe5 14. Nxe5 Bxe5 15. Ne2 Bxb2 16. Qxb2 Ne4 17. Bxe4 Rxe4 18. a4 bxa4 19. Rxa4 Rb8 20. Rfa1 Qg5 21. Kh2 (21. Rxe4 $16 dxe4 22. Qc2) 21... Qe7 (21... Rc4 $11) 22. Qc3 Rb5 23. Rc1 ({White should play} 23. Rxe4 $16 dxe4 24. b4) 23... Qc7+ $14 24. Kg1 Rxa4 25. bxa4 Rb8 26. Nd4 a5 27. h4 Rb4 28. Qa3 Ba6 29. Qc3 h6 30. g3 (30. Nf5 {seems wilder.} f6 31. Qc2 Rc4 32. Qd1 Rb4 33. Rb1) 30... Bc8 31. Qc2 Qb7 32. Kg2 Bd7 33. Qd1 Qb8 34. Rc3 Qa7 35. Qc2 Qa6 36. Rb3 h5 37. Rb1 g6 38. Rb2 Qb7 39. Rxb4 Qxb4 40. Qb3 {White wants to play Qxb4.} Qe1 {[#]} (40... Qxc5 $11 41. Qb8+ Qf8) 41. Qb8+ (41. g4 $1 $16 {[%mdl 512]} hxg4 (41... Bxg4 42. Nxc6) 42. Qb8+ Kg7 43. Qe5+ Kg8 44. Qb8+ Kg7 45. Qe5+ Kg8 46. Qb8+) 41... Kh7 {White must now prevent ...Bh3+!} 42. Qf4 (42. g4 $5 Qd1 43. gxh5 $16) 42... Kg8 {[#]} (42... Bh3+ $1 $11 {remains equal.} 43. Kh2 Kg7) 43. Nf3 (43. g4 $1 $16 {Strongly threatening Qb8+.} hxg4 44. Qb8+ Kg7 45. Qe5+ Kg8 46. Qg5) 43... Qb1 $1 $11 44. Ng5 Bf5 45. Qc7 Be4+ $1 {The position is equal.} 46. f3 Qb2+ 47. Kh3 Qf6 $1 48. fxe4 Qf1+ 49. Kh2 {Accuracy: White = 53%, Black = 56%.} 1/2-1/2

[Event "FRA-chT Top 12 2019"]
[Site "Brest"]
[Date "2019.05.28"]
[Round "11.2"]
[White "Solodovnichenko, Yuri"]
[Black "Landa, Konstantin"]
[Result "1-0"]
[WhiteElo "2572"]
[BlackElo "2622"]
[Annotator "TA"]
[PlyCount "61"]
[EventDate "2019.05.18"]
[EventType "team-tourn"]
[EventCountry "FRA"]
[SourceTitle "playchess.com"]
[Source "ChessBase"]
[SourceQuality "1"]

{[%evp 9,61,-4,2,-21,0,0,0,0,51,46,38,37,37,18,100,108,108,108,125,28,34,29,150,162,158,139,235,231,456,326,365,356,325,295,593,339,329,328,286,176,172,54,45,63,222,79,96,102,82,11,1197,1189,2816,2598]} 1. e4 c6 2. d4 d5 3. e5 c5 4. dxc5 e6 5. Qg4 Nd7 (5... Nc6 6. Nf3 h5 7. Qf4 Bxc5 8. Bd3 f6 9. Qg3 Kf8 10. h4 Nh6 11. Bxh6 Rxh6 12. exf6 gxf6 13. Nc3 {½-½ (27) Perez Ponsa,F (2562)-Henriquez Villagra,C (2543) Montevideo 2019}) 6. Bb5 {B12: Caro-Kann: Advance Variation} Qc7 7. Nf3 Qxc5 8. Nc3 {The position is equal.} Qb4 (8... a6 $11 9. Bd3 Ne7) 9. Qg3 $1 $14 a6 $146 ({Predecessor:} 9... Ne7 10. a3 Qa5 11. Bd2 Qc7 12. O-O Nf5 13. Qf4 {0-1 (56) Llaneza Vega,M (2247)-Gonzalez Menendez,I (2276) Aviles 2003}) 10. a3 Qa5 11. Be2 d4 (11... Ne7 $11 {keeps the balance.}) 12. b4 $16 Qc7 (12... Bxb4 $2 13. axb4 Qxa1 14. O-O $18) 13. Ne4 {0-0 is the strong threat.} Qxc2 14. Nfg5 (14. Qf4 $16) 14... Nh6 $1 $11 {[%cal Rh6f5]} 15. Bd3 {[%mdl 1024] White has compensation.} Qc7 (15... Qb3 $11) 16. Bf4 $16 Nf5 17. Qh3 h6 (17... Nxe5 $16 {was worth a try.} 18. Ke2 Bd6) 18. Rc1 $18 Qb6 $2 (18... Qb8) 19. Nf3 a5 20. g4 axb4 21. gxf5 exf5 $2 (21... b3 {keeps fighting.} 22. fxe6 Qxe6 23. Qxe6+ fxe6 24. Nxd4 b2) 22. Nd6+ Bxd6 23. exd6 Nc5 24. Nxd4 O-O 25. Rg1 (25. Bxf5 Rxa3 26. Qh4 Nd3+ 27. Bxd3 Qxd4 $15) ({White should try} 25. Nxf5 $18 Nxd3+ 26. Qxd3 Bxf5 27. Qxf5) 25... Nxd3+ $14 26. Qxd3 Rxa3 $2 ({Better is} 26... bxa3 $14 27. Bxh6 Re8+ 28. Kf1 g6) 27. Be5 $40 {[%mdl 128] White is out for blood.} (27. Qe2 $1 $18 {[%cal Re2e5] Threatens to win with Qe5!} Bd7 28. Qb2 (28. Qe5 f6 $11)) 27... g5 $16 (27... Rxd3 $2 {too greedy.} 28. Rxg7+ Kh8 29. Rxf7+ Kg8 30. Rg7+ Kh8 31. Rxb7+ Kg8 32. Rg7+ Kh8 33. Rcc7 $18) 28. Qd2 {White wants to mate with Rxg5+!} f6 {[#]} 29. Bxf6 (29. Ne2 $1 $16 Be6 30. Nf4) 29... Re8+ $2 {[%mdl 8192]} (29... Rxf6 $11 30. Rxg5+ (30. Rxc8+ Kh7 $14) 30... hxg5 31. Qxg5+ {[%mdl 64] Double Attack} Kf7 32. Rc7+ {[#]} Qxc7 $3 {[%mdl 512]} 33. Qh5+ (33. dxc7 Ra1+ 34. Kd2 Ra2+ 35. Ke1 b3 $11) 33... Kg7 34. dxc7 Ra1+ 35. Kd2 Ra2+ 36. Ke3 Ra3+ 37. Kf4 Rc3) 30. Ne2 $18 Bd7 {[#]} 31. Bxg5 $1 {[%mdl 512] Accuracy: White = 49%, Black = 28%.} 1-0

[Event "FRA-chT Top 12 2019"]
[Site "Brest"]
[Date "2019.05.28"]
[Round "11.2"]
[White "Miezis, Normunds"]
[Black "Gharamian, Tigran"]
[Result "1/2-1/2"]
[WhiteElo "2456"]
[BlackElo "2602"]
[Annotator "RC"]
[PlyCount "34"]
[EventDate "2019.05.18"]
[EventType "team-tourn"]
[EventCountry "FRA"]
[SourceTitle "playchess.com"]
[Source "ChessBase"]
[SourceQuality "1"]
[TimeControl "40/5400+30:1800+30"]

1. c4 {[%emt 0:00:00]} e6 {[%emt 0:00:00]} 2. e4 {[%emt 0:00:00]} c5 {[%emt 0:00:16]} 3. Nc3 {[%emt 0:00:30]} Nc6 {[%emt 0:00:06]} 4. Nf3 {[%emt 0:00:51]} Nge7 {[%emt 0:02:21]} 5. d4 {[%emt 0:04:34]} Nxd4 {[%emt 0:00:30]} 6. Nxd4 {[%emt 0:00:10]} cxd4 {[%emt 0:00:04]} 7. Qxd4 {[%emt 0:00:11]} Nc6 {[%emt 0:00:07]} 8. Qd2 {[%emt 0:00:57]} Bc5 {[%emt 0:01:53]} 9. Be2 {[%emt 0:00:53]} O-O {[%emt 0:00:41]} 10. O-O {[%emt 0:00:29]} d6 {[%emt 0:01:44]} 11. Kh1 {[%emt 0:05:07]} e5 {[%emt 0:05:17]} 12. f4 {[%emt 0:04:05]} exf4 {[%emt 0:00:22]} 13. Qxf4 {[%emt 0:02:42]} Be6 {[%emt 0:33:39]} 14. Qg3 {[%emt 0:03:53]} Ne5 {[%emt 0:00:26]} 15. Bf4 {[%emt 0:09:31]} Ng6 {[%emt 0:09:25]} 16. Rad1 {[%emt 0:04:38]} Nxf4 {[%emt 0:01:37]} 17. Rxf4 {[%emt 0:00:57]} Qe7 {[%emt 0:06:48]} 1/2-1/2

[Event "FRA-chT Top 12 2019"]
[Site "Brest"]
[Date "2019.05.28"]
[Round "11.2"]
[White "Cramling, Pia"]
[Black "Gukesh D"]
[Result "1/2-1/2"]
[WhiteElo "2454"]
[BlackElo "2533"]
[Annotator "TA"]
[PlyCount "46"]
[EventDate "2019.05.18"]
[EventType "team-tourn"]
[EventCountry "FRA"]
[SourceTitle "playchess.com"]
[Source "ChessBase"]
[SourceQuality "1"]

{[%evp 13,46,31,33,34,36,32,64,52,50,35,43,41,39,26,32,21,46,9,18,16,17,0,3,0,10,16,20,1,1,0,0,0,0,0,20]} 1. d4 Nf6 2. c4 g6 3. Nc3 Bg7 4. e4 d6 5. h3 O-O 6. Be3 Na6 7. Nf3 c5 8. Be2 {E90: King's Indian: Classical: Early deviations and 6 h3} cxd4 9. Nxd4 Nc5 10. Qc2 {White is slightly better.} b6 11. O-O Bb7 {[%cal Rf6e4]} 12. Bf3 Rc8 13. Rad1 Qc7 14. b3 Qb8 {[#]} 15. Qb1 $146 ({Predecessor:} 15. Rfe1 Rfe8 {½-½ (59) Bluebaum,M (2634)-Carlsen,M (2838) Karlsruhe/Baden-Baden 2017}) 15... Rfe8 {The position is equal.} 16. Rfe1 a6 17. a4 e6 18. Nde2 Bc6 19. Bf4 Red8 20. Nd4 Bb7 {[#] Strongly threatening ...e5.} 21. Bg3 Ncd7 22. Be2 Qa8 {[%cal Rf6e4]} 23. Bf1 Ne5 {Accuracy: White = 61%, Black = 83%.} 1/2-1/2

[Event "FRA-chT Top 12 2019"]
[Site "Brest"]
[Date "2019.05.28"]
[Round "11.2"]
[White "Colin, Vincent"]
[Black "Van Wely, Loek"]
[Result "0-1"]
[WhiteElo "2383"]
[BlackElo "2600"]
[Annotator "TA"]
[PlyCount "62"]
[EventDate "2019.05.18"]
[EventType "team-tourn"]
[EventCountry "FRA"]
[SourceTitle "playchess.com"]
[Source "ChessBase"]
[SourceQuality "1"]

{[%evp 9,62,-2,0,4,10,11,22,25,27,36,46,-2,0,-38,-29,-77,-60,-108,-52,-56,-50,-40,-40,-38,-59,-57,-43,-37,0,0,0,0,0,0,46,-338,-331,-329,-277,-649,-637,-766,-757,-1336,-1296,-1288,-1239,-1206,-1167,-29971,-5252,-29954,-6324,-29985,-29974]} 1. d4 Nf6 2. c4 e6 3. Nc3 Bb4 4. e3 O-O 5. Bd3 c5 6. Nf3 {E47: Nimzo-Indian: Rubinstein: 5 Bd3 without ...d5} cxd4 7. exd4 d5 8. cxd5 {The position is equal.} Nxd5 9. O-O Nc6 10. h4 $146 ({Predecessor:} 10. Bc2 Bd7 11. a3 Bxc3 12. Qd3 f5 13. bxc3 b5 14. a4 a6 15. Re1 Qc7 16. Ng5 {1-0 (60) Grischuk,A (2742)-Mamedyarov,S (2766) Sharjah 2017}) 10... Be7 (10... Nxc3 11. bxc3 Bxc3 12. Bxh7+ Kh8 13. Ba3 $16) 11. Re1 Bxh4 12. g3 Bf6 13. Kg2 g6 ({Black should play} 13... h6 $17 14. Bb1 Nde7) 14. Bh6 $15 Nxc3 ({Reject} 14... Nxd4 $6 15. Bxf8 Kxf8 16. Rb1 $11) 15. bxc3 Re8 $1 16. Be4 Bd7 17. Qd2 Rc8 18. Rad1 Na5 19. Ne5 Ba4 20. Qf4 $1 {Hoping for Bg5!} Bxd1 ({Don't blunder} 20... Rxc3 $2 21. d5 $18) 21. Rxd1 Nc6 ({Wrong is} 21... Rxc3 $2 22. d5 $18) 22. Rh1 $2 {[%mdl 8192]} (22. Ng4 $14 Bh8 23. d5) 22... Nxe5 $19 23. dxe5 Be7 24. Bg7 $2 (24. Qf3) 24... Bg5 25. Qf3 Kxg7 26. Rxh7+ Kxh7 27. Qxf7+ Kh8 28. Qxg6 Rc7 29. f4 {[#]} Bxf4 $1 30. Qh5+ (30. gxf4 Rg8) 30... Kg8 31. gxf4 Rf8 {Accuracy: White = 43%, Black = 57%.} 0-1